000 00866ngm a22002290a 4500
001 PT38204
003 AR-LpoUNG
005 20210202000516.0
007 vd cvaizq
008 191001ss.f.||||ag |||||||||||||||||spa d
040 _aAR-LpoUNG
_bspa
_cAR-LpoUNG
_eaacr
041 _aspa
044 _aag
245 1 0 _a¿Qué nos pasa con el Sida?
260 _aBuenos Aires :
_bSOFOVIAL,
_cs.f..
300 _aVHS (25 min.) : son., col.
520 _aPrimer video en la prevención comunitaria del Sida realizado en Argentina. Diseñado como un disparador para la realización de talleres de reflexión grupal. Desde 1990 es utilizado por SOFOVIAL y otras entidades de atención primaria de la salud para trabajar en la prevención.
650 4 _aSOFOVIAL
710 2 _aSociedad de Fomento del Video Alternativo (Buenos Aires)
905 _a38204
942 _cDVD
999 _c54985
_d54985